LEADER 01633oam 2200445Ia 450 001 9910698753303321 005 20090706124119.0 035 $a(CKB)5470000002396322 035 $a(OCoLC)321038105 035 $a(EXLCZ)995470000002396322 100 $a20090428d2009 ua 0 101 0 $aeng 135 $aurmn||||||||| 181 $ctxt$2rdacontent 182 $cc$2rdamedia 183 $acr$2rdacarrier 200 00$aUsing the advanced research version of the weather research and forecast model in support of ScanEagle unmanned aircraft system test flights$b[electronic resource] /$fby Jeffrey E. Passner ... [and others] 210 1$aWhite Sands Missile Range, NM :$cArmy Research Laboratory,$d[2009] 215 $avi, 34 pages $cdigital, PDF file 225 1 $aARL-TR ;$v4746 300 $aTitle from title screen (viewed July 6, 2009). 300 $a"March 2009." 320 $aIncludes bibliographical references (page 31). 606 $aMilitary meteorology$xComputer programs 606 $aWeather forecasting 606 $aTurbulence 606 $aFlight control 615 0$aMilitary meteorology$xComputer programs. 615 0$aWeather forecasting. 615 0$aTurbulence. 615 0$aFlight control. 701 $aPassner$b Jeffrey E$01390911 712 02$aU.S. Army Research Laboratory. 801 0$bDTICE 801 1$bDTICE 801 2$bGPO 906 $aBOOK 912 $a9910698753303321 996 $aUsing the advanced research version of the weather research and forecast model in support of ScanEagle unmanned aircraft system test flights$93469822 997 $aUNINA